| 000 | 00779nmm a2200277 a 4500 | ||
|---|---|---|---|
| 003 | AR-BaBNM | ||
| 005 | 20251128211139.0 | ||
| 008 | 182120s1983 ||||||||||||||000 | spa|| | ||
| 020 | _a84-218-0520-7 | ||
| 040 | _cAR-BaBNM | ||
| 100 | 1 | _aCases Martín, Enrique | |
| 245 | 1 | 0 |
_aJesucristo _bredentor del hombre |
| 250 | _a1ª ed. | ||
| 260 |
_aBarcelona _bCasals _c1983 |
||
| 300 |
_a359 p. _bil. |
||
| 500 | _aAprobado por la Comisión Episcopal de Enseñanza y Catequesis | ||
| 650 | 4 | _aEDUCACION RELIGIOSA | |
| 650 | 4 | _aACTIVIDADES DE APRENDIZAJE | |
| 650 | 4 | _aCATOLICISMO | |
| 653 | _aEDUCACION SECUNDARIA | ||
| 700 | 1 | _aAbad Toribio, Remigio | |
| 700 | 1 | _aGonzález, Luis Augusto | |
| 700 | 1 |
_aNavarro, Llucia _eilustrador |
|
| 942 | _cBK | ||
| 998 | _cAlicia | ||
| 999 |
_c18445 _d18445 |
||